MARC

LEADER 00000nam0a2200000 4500
001 53559
005 20231031045417.0
035 |a (RuTPU)RU\TPU\book\56152 
090 |a 53559 
100 |a 20030620d1976 m y0rusy50 ca 
101 0 |a rus 
102 |a RU 
105 |a a j 001zy 
200 1 |a Статистические методы в измерительной технике  |e учебное пособие  |f В. К. Белов, В. И. Петухов, Г. А. Садовский  |g Рязанский радиотехнический институт 
210 |a Рязань  |c [Б. и.]  |d 1976 
215 |a 108 с.  |c ил. 
320 |a Библиогр.: с. 107-108. 
610 1 |a измерительная техника 
610 1 |a статистические методы 
610 1 |a измерения 
610 1 |a погрешности 
610 1 |a корреляционный анализ 
610 1 |a случайные процессы 
610 1 |a учебные пособия 
675 |a 621.317(075.8)  |v 3 
700 1 |a Белов  |b В. К.  |g Виктор Константинович 
701 1 |a Петухов  |b В. И.  |g Владимир Иванович 
701 1 |a Садовский  |b Г. А.  |g Гордон Антонович 
712 0 2 |a Рязанский радиотехнический институт  |2 stltpush  |3 (RuTPU)RU\TPU\col\109 
801 1 |a RU  |b 63413507  |c 20030620  |g PSBO 
801 2 |a RU  |b 63413507  |c 20160801  |g PSBO 
942 |c BK